Statistics for Top 20 USA companies

Click here to take the quiz!

General Stats

  • This quiz has been taken 27 times
  • The average score is 4 of 20

Answer Stats

FieldAnswer% Correct
ElectronicsApple
67%
AutomotiveFord
67%
Oil and GasExxon
57%
AutomotiveGeneral Motors
57%
InternetAmazon
43%
TelecommunicationsAT&T
43%
TelecommunicationsVerizon
29%
ConglomerateBerkshire Hathaway
19%
Oil and GasChevron
19%
RetailWallmart
19%
ConglomerateGeneral Electric
14%
RetailCostco
5%
Consumer ElectronicsHP
5%
HealthcareUnited Health
5%
PharmacueticalsBergen
0%
PharacueticalsBoots
0%
RetailCVS Health
0%
FinancialFannie Mae
0%
RetailKroger
0%
HealthcareMcKesson
0%

Score Distribution

Percentile by Number Answered

Percent of People with Each Score

Your Score History

You have not taken this quiz